banner koha

Panorama da educação nos estados que compõem a Amazônia legal (Registro n. 292589)

MARC details
000 -LÍDER
campo de controle de tamanho fixo 01039nac a22003017a 4500
001 - NÚMERO DE CONTROLE
campo de controle BR0300631
003 - IDENTIFICADOR DO NÚMERO DE CONTROLE
campo de controle BR-BrBNA
005 - DATA E HORÁRIO DA ÚLTIMA TRANSAÇÃO
campo de controle 20240105122734.0
008 - CAMPO DE DADOS FIXOS--INFORMAÇÃO GERAL
campo de controle de tamanho fixo 230509b bl.|||m| |||| 00| 0 por d
040 ## - FONTE DA CATALOGAÇÃO
Instituição da catalogação original BR-BrBNA
Idioma da catalogação por
Instituição que transcreveu o registro Biblioteca Nacional de Agricultura
072 ## - CÓDIGO DE CATEGORIA DE ASSUNTO
Código de Categoria de Assunto C10; E51
090 ## - NÚMERO DE CHAMADA LOCAL
Número de chamada C10 BR0300631
100 1# - ENTRADA PRINCIPAL--NOME PESSOAL
Nome pessoal Castro, J.A. de
100 1# - ENTRADA PRINCIPAL--NOME PESSOAL
Nome pessoal Duarte, B. de C.
110 1# - ENTRADA PRINCIPAL--NOME CORPORATIVO
Nome corporativo ou nome da jurisdição Instituto de Pesquisa Econômica Aplicada, Rio de Janeiro, RJ (Brasil)
9 (RLIN) 6126
245 1# - TÍTULO
Título Panorama da educação nos estados que compõem a Amazônia legal
260 3# - PUBLICAÇÃO, DISTRIBUIÇÃO, ETC.
Local de publicação, distribuição, etc. Rio de Janeiro, JR (Brasil):
Data da publicação, distribuição, etc. 2002.
300 ## - DESCRIÇÃO FÍSICA
Extensão 68 p.
490 ## - TÍTULO DA SÉRIE
Título da série Texto para Discussão - Instituto de Pesquisa Econômica Aplicada (Brazil)
Número do volume ou designação sequencial da série no. 872
ISSN - International Standard Serial Number ISSN 1415-4765
500 ## - NOTA GERAL
Nota geral Summaries (En, Pt); 19 ref.; 18 tables; 144 graphs
650 ## - ASSUNTO--TERMO TÓPICO
Cabeçalho tópico ou nome geográfico EDUCAÇÃO
650 ## - ASSUNTO--TERMO TÓPICO
Cabeçalho tópico ou nome geográfico DADOS ESTATÍSTICOS
650 ## - ASSUNTO--TERMO TÓPICO
Cabeçalho tópico ou nome geográfico POPULAÇÃO RURAL
650 ## - ASSUNTO--TERMO TÓPICO
Cabeçalho tópico ou nome geográfico POPULAÇÃO URBANA
650 ## - ASSUNTO--TERMO TÓPICO
Cabeçalho tópico ou nome geográfico AMAZÔNIA
909 ## -
-- 202312
-- Lúcia Elande
-- 55
-- Lúcia Elande
942 ## - ELEMENTOS DE ENTRADA ADICIONADOS (KOHA)
Fonte da classificação ou esquema de arquivamento na estante Classificação AGRIS
Ocultar no OPAC Não
Tipo de material Koha Monografia Seriada
Exemplares
Situação do descarte Fonte da classificação ou esquema de arquivamento na estante Situação física Não pode ser emprestado Coleção Biblioteca de origem Biblioteca atual Localização na estante Total de empréstimos Número de telefone completo Código de barras Data de último acesso Tipo de material Koha Fonte de aquisição
  Classificação AGRIS       Biblioteca Nacional de Agricultura - Binagri Biblioteca Nacional de Agricultura - Binagri Agrobase - Acervo Geral   C10 BR0300631 C10 BR0300631 18/12/2023 Monografia Seriada Portaria Interministerial nº 164/94

BINAGRI

Telefone: (61)3218-2567/2388/3357/2097 - binagri@agro.gov.br

Ministério da Agricultura e Pecuária , Esplanada dos Ministérios, Bloco D, Anexo B, Brasília/DF, CEP: 70.043-900